World literature (Record no. 2226)

MARC details
000 -LEADER
fixed length control field 00521nam a22001697a 4500
003 - CONTROL NUMBER IDENTIFIER
control field URS
005 - DATE AND TIME OF LATEST TRANSACTION
control field 20220117094855.0
008 - FIXED-LENGTH DATA ELEMENTS--GENERAL INFORMATION
fixed length control field 191017s2000 ph |||| |||| 00| 0 eng d
020 ## - INTERNATIONAL STANDARD BOOK NUMBER
International Standard Book Number 9715740308
040 ## - CATALOGING SOURCE
Transcribing agency URS
Language of cataloging eng
Modifying agency rda
050 14 - LIBRARY OF CONGRESS CALL NUMBER
Classification number PN 6014
Item number .A347 2000
100 ## - MAIN ENTRY--PERSONAL NAME
Personal name Alcantara,Rebecca D.
245 30 - TITLE STATEMENT
Title World literature
Statement of responsibility, etc. Rebecca D. Alcantara, Josefina Q. Cabanilla, Alejandto J. Casambre
260 ## - PUBLICATION, DISTRIBUTION, ETC.
Place of publication, distribution, etc. QuezonCity:
Name of publisher, distributor, etc. Katha Publishing Company Incorporation;
Date of publication, distribution, etc. [2000]
300 ## - PHYSICAL DESCRIPTION
Extent xiii 470 pages;
Dimensions 26 cm
942 ## - ADDED ENTRY ELEMENTS (KOHA)
Source of classification or shelving scheme Library of Congress Classification
Koha item type Filipiniana
Holdings
Withdrawn status Source of classification or shelving scheme Damaged status Not for loan Collection code Home library Current library Shelving location Date acquired Total Checkouts Full call number Barcode Date last seen Price effective from Koha item type
  Library of Congress Classification     Non-fiction Cainta College Library Cainta College Library On Display 10/10/2017   PN 6014.A347 2000 URSCAI-1403 10/10/2017 10/10/2017 Filipiniana
  Library of Congress Classification     Non-fiction Cainta College Library Cainta College Library On Display 10/10/2017   PN 6014.A347 2000 URSCAI-1404 10/10/2017 10/10/2017 Filipiniana
  Library of Congress Classification     Non-fiction Cainta College Library Cainta College Library On Display 10/10/2017   PN 6014.A347 2000 URSCAI-1405 10/10/2017 10/10/2017 Filipiniana
  Library of Congress Classification     Non-fiction Rodriguez College Library Rodriguez College Library Reference 02/20/2017   PN6014 Al16 2000 URSROD-1401 02/20/2017 02/20/2017 Filipiniana
  Library of Congress Classification     Non-fiction Rodriguez College Library Rodriguez College Library Reference 02/20/2017   PN6014 Al16 2000 URSROD-1402 02/20/2017 02/20/2017 Filipiniana

University of Rizal System
Email us at univlibservices@urs.edu.ph

Visit our Website www.urs.edu.ph/library